Détroit - Choix multiples - Statistiques

Statistiques générales
  • Ce quiz a été pris 2 257 fois
    2 238 depuis la dernière actualisation
  • Le résultat moyen est 6 sur 10
Statistiques - réponses
Question Réponse % Correct
Quelle industrie a donné à Détroit le surnom de « Motown » ? L'industrie automobile
82%
Quel explorateur, dont le nom fut donné à une entreprise locale emblématique, a établi la première colonie sur le détroit en 1701 ? Antoine de Lamothe-Cadillac
66%
A quel pays Détroit appartenait-elle jusqu'à la signature d'un traité en 1763 ? La France
64%
Lequel de ces artistes n'a pas vécu à Détroit pendant son enfance ? Michael Jackson
63%
De quelle étendue d'eau le détroit qui donne son nom à la ville sépare-t-il le lac Sainte-Claire ? Du lac Érié
60%
Durant quelle décennie Détroit a-t-elle atteint son pic démographique ? Les années 1950
56%
Dans quel mouvement les émeutes de Détroit de 1967 s'inscrivent-elles ? Le mouvement des droits civiques
51%
Lequel de ces films se déroule à Détroit ? RoboCop
50%
Quelle équipe de hockey sur glace de la LNH (NHL) est originaire de Détroit ? Red Wings
44%
Quelle ville canadienne est reliée à Détroit par le pont Ambassadeur ? Windsor
29%
Aucun quiz correspondant
Distribution des résultats
% des personnes avec chaque résultat
Percentile par nombre de réponses
Votre historique - résultats
Vous n’avez pas pris ce quiz depuis la dernière actualisation